000 00584nam a2200157 4500
999 _c16246
_d16246
008 210820b ||||| |||| 00| 0 eng d
022 _a0732-8435
082 _aDPer 657.05 C33 Apr - Sept 2016, v86 n4-9
100 _aKess, Sidney.
_942718
245 _aAssisting individuals with charitable legacies/
_cSidney Kess and Edward Mendlowitz.
260 _aNew York:
_bThe New York State Society of CPA,
_c©2016.
300 _av86 n4, pages 64-66:
_billustration;
_c28 cm.
650 _aInheritance and succession.
_943546
700 _aMendlowitz, E.
_eAuthor.
_943554
942 _2ddc
_cPER